000 00716cam a2200205 i 4500
005 20251221105217.0
008 250721s2014 gr 000 0 ara d
082 1 4 _a218.1
_bن ع ى
100 1 _aالنعيمي، ابراهيم النعمه
_eمؤلف.
245 1 2 _aالإسلام و الغرب /
_cابراهيم النعمة.
250 _aالطبعة الرابعة.
264 3 1 _aعمان :
_bدار الفرقان للنشر والتوزيع،
_c2014.
300 _a125 صفحة.
650 1 7 _aالثقافة الاسلامية.
650 1 7 _aالاسلام..
650 1 7 _aالغرب.
650 1 7 _aالبلدان العربية.
942 _2ddc
_cBK
999 _c130906
_d130906